Coordenadas 2050 : (Record no. 208866)

MARC details
000 -CABECERA
campo de control de longitud fija 02493nam a22005657a 4500
003 - IDENTIFICADOR DEL NÚMERO DE CONTROL
campo de control UPN
005 - FECHA Y HORA DE LA ÚLTIMA TRANSACCIÓN
campo de control 20250822090057.0
008 - ELEMENTOS DE LONGITUD FIJA--INFORMACIÓN GENERAL
campo de control de longitud fija 220922s2016 mx|||||gr|||| 00| 0 spa d
020 ## - NÚMERO INTERNACIONAL NORMALIZADO PARA LIBROS
Número Internacional Estándar del Libro 9786070282560 (v.1)
020 ## - NÚMERO INTERNACIONAL NORMALIZADO PARA LIBROS
Número Internacional Estándar del Libro 978607028257 (v.2)
020 ## - NÚMERO INTERNACIONAL NORMALIZADO PARA LIBROS
Número Internacional Estándar del Libro 978607028259 (v.3)
020 ## - NÚMERO INTERNACIONAL NORMALIZADO PARA LIBROS
Número Internacional Estándar del Libro 9786070282553 (v.4)
020 ## - NÚMERO INTERNACIONAL NORMALIZADO PARA LIBROS
Número Internacional Estándar del Libro 9786070282584 (v.5)
020 ## - NÚMERO INTERNACIONAL NORMALIZADO PARA LIBROS
Número Internacional Estándar del Libro 9786070284090 (v.6)
020 ## - NÚMERO INTERNACIONAL NORMALIZADO PARA LIBROS
Número Internacional Estándar del Libro 978607028413 (v.7)
020 ## - NÚMERO INTERNACIONAL NORMALIZADO PARA LIBROS
Número Internacional Estándar del Libro 9786070284120 (v.8)
020 ## - NÚMERO INTERNACIONAL NORMALIZADO PARA LIBROS
Número Internacional Estándar del Libro 9786070284106 (v.9)
020 ## - NÚMERO INTERNACIONAL NORMALIZADO PARA LIBROS
Número Internacional Estándar del Libro 978607028411 (v.10)
040 ## - FUENTE DE LA CATALOGACIÓN
Centro catalogador/agencia de origen MX-MxUPN
Lengua de catalogación spa
Centro/agencia transcriptor MX-MxUPN
Normas de descripción aacr2
050 #4 - SIGNATURA TOPOGRÁFICA DE LA BIBLIOTECA DEL CONGRESO
Número de clasificación AC75
Número de documento/Ítem C66 2016
245 00 - MENCIÓN DE TÍTULO
Título Coordenadas 2050 :
Resto del título cuadernos de la Coordinación de Humanidades
250 ## - MENCIÓN DE EDICIÓN
Mención de edición Primera edición
260 ## - PUBLICACIÓN, DISTRIBUCIÓN, ETC.
Lugar de publicación, distribución, etc. México :
Nombre del editor, distribuidor, etc. UNAM, Coordinación de Humanidades ,
Fecha de publicación, distribución, etc. 2016
300 ## - DESCRIPCIÓN FÍSICA
Extensión 10 volúmenes
490 0# - MENCIÓN DE SERIE
Mención de serie Cuadernos de la Coordinación de Humanidades ;
Designación de volumen o secuencia 1-10
505 0# - NOTA DE CONTENIDO CON FORMATO PREESTABLECIDO
Título v.1 La interdependencia dialéctica entre las personas y la comunidad/
Mención de responsabilidad Juliana González.
505 0# - NOTA DE CONTENIDO CON FORMATO PREESTABLECIDO
Título v.2 De la revolución a la armonía : diario de un viaje de estudios a China /
Mención de responsabilidad Roger Bartra.
505 0# - NOTA DE CONTENIDO CON FORMATO PREESTABLECIDO
Título v.3 Visión panorámica del constitucionalismo en el siglo XX /
Mención de responsabilidad Diego Valadés.
505 0# - NOTA DE CONTENIDO CON FORMATO PREESTABLECIDO
Título v.4 En la senda de la profesionalización femenina : 1867-1929 /
Mención de responsabilidad María de Lourdes Alvarado.
505 0# - NOTA DE CONTENIDO CON FORMATO PREESTABLECIDO
Título v.5 Justicia distributiva y pobreza /
Mención de responsabilidad Paulette Dieterlen.
505 0# - NOTA DE CONTENIDO CON FORMATO PREESTABLECIDO
Título v.6 Ejercicio de arqueología literaria /
Mención de responsabilidad Fernando Curiel.
505 0# - NOTA DE CONTENIDO CON FORMATO PREESTABLECIDO
Título v.7 El camino hacia Dios está sembrado de trampas o el mal de nuestro tiempo /
Mención de responsabilidad Carlos Martínez Assad.
505 0# - NOTA DE CONTENIDO CON FORMATO PREESTABLECIDO
Título v.8 Lenguas y gramáticas de Mesoamérica /
Mención de responsabilidad Ascensión Hernández Triviño.
505 0# - NOTA DE CONTENIDO CON FORMATO PREESTABLECIDO
Título v.9 La marca indeleble de la cultura /
Mención de responsabilidad Sara Sefchovich.
505 0# - NOTA DE CONTENIDO CON FORMATO PREESTABLECIDO
Título v.10 Flor y canto : otra forma de percibir la realidad /
Mención de responsabilidad Miguel León Portilla.
530 ## - NOTA DE FORMATO FÍSICO ADICIONAL DISPONIBLE
Nota de formato físico adicional disponible También disponible en línea.
650 #7 - ASIENTO SECUNDARIO DE MATERIA - TERMINO TEMATICO
Término de materia o nombre geográfico como elemento de entrada Integración social
Fuente del encabezamiento o término
9 (RLIN) 7258
650 #4 - ASIENTO SECUNDARIO DE MATERIA - TERMINO TEMATICO
9 (RLIN) 45707
Término de materia o nombre geográfico como elemento de entrada Constituciones
Subdivisión geográfica México
650 #4 - ASIENTO SECUNDARIO DE MATERIA - TERMINO TEMATICO
Término de materia o nombre geográfico como elemento de entrada Mujeres
Subdivisión geográfica México
Subdivisión general Condiciones sociales
9 (RLIN) 17576
650 #0 - ASIENTO SECUNDARIO DE MATERIA - TERMINO TEMATICO
Término de materia o nombre geográfico como elemento de entrada Distribución del ingreso
9 (RLIN) 25117
650 #7 - ASIENTO SECUNDARIO DE MATERIA - TERMINO TEMATICO
Término de materia o nombre geográfico como elemento de entrada Editores y publicaciones
Subdivisión geográfica México
Fuente del encabezamiento o término
9 (RLIN) 6105
650 #4 - ASIENTO SECUNDARIO DE MATERIA - TERMINO TEMATICO
Término de materia o nombre geográfico como elemento de entrada Indígenas de México
Subdivisión general Lenguas
9 (RLIN) 13865
650 #4 - ASIENTO SECUNDARIO DE MATERIA - TERMINO TEMATICO
Término de materia o nombre geográfico como elemento de entrada Cultura
9 (RLIN) 7095
650 #4 - ASIENTO SECUNDARIO DE MATERIA - TERMINO TEMATICO
Término de materia o nombre geográfico como elemento de entrada Indígenas de México
Subdivisión general Poesía
9 (RLIN) 46684
651 #7 - ASIENTO SECUNDARIO DE MATERIA - NOMBRE GEOGRAFICO
Nombre geográfico China
Subdivisión general Descripción y viajes
Fuente del encabezamiento o término
9 (RLIN) 11848
856 40 - LOCALIZACIÓN Y ACCESO ELECTRÓNICOS
Identificador Uniforme del Recurso <a href="https://lanmo.unam.mx/coordenadas2050/">https://lanmo.unam.mx/coordenadas2050/</a>
902 ## - ELEMENTOS DE DATOS B LOCAL, LDB (RLIN)
Creó VíctorGodínez/220922
942 ## - ELEMENTOS DE PUNTO DE ACCESO ADICIONAL (KOHA)
Fuente del sistema de clasificación o colocación Library of Congress Classification
Tipo de ítem Koha Folleto
Holdings
Estado de retiro Estado de pérdida Fuente del sistema de clasificación o colocación Estado dañado No para préstamo Código de colección Localización permanente Ubicación/localización actual Ubicación en estantería Fecha de adquisición Enumeración/cronología de publicación seriada Total de préstamos Clasificación Código de barras Fecha visto por última vez Precio válido a partir de Tipo de ítem Koha Identificador Uniforme del Recurso
    Library of Congress Classification   Disponible (Préstamo en sala) Folletería Bib. Gregorio Torres Quintero Bib. Gregorio Torres Quintero Colecciones especiales Planta alta 22/09/2022 v.1   AC75 C66 2016 335907 22/09/2022 22/09/2022 Folleto  
    Library of Congress Classification   Disponible (Préstamo en sala) Folletería Bib. Gregorio Torres Quintero Bib. Gregorio Torres Quintero Colecciones especiales Planta alta 22/09/2022 v.2   AC75 C66 2016 335908 22/09/2022 22/09/2022 Folleto  
    Library of Congress Classification   Disponible (Préstamo en sala) Folletería Bib. Gregorio Torres Quintero Bib. Gregorio Torres Quintero Colecciones especiales Planta alta 22/09/2022 v.3   AC75 C66 2016 335909 22/09/2022 22/09/2022 Folleto  
    Library of Congress Classification   Disponible (Préstamo en sala) Folletería Bib. Gregorio Torres Quintero Bib. Gregorio Torres Quintero Colecciones especiales Planta alta 22/09/2022 v.4   AC75 C66 2016 335910 22/09/2022 22/09/2022 Folleto  
    Library of Congress Classification   Disponible (Préstamo en sala) Folletería Bib. Gregorio Torres Quintero Bib. Gregorio Torres Quintero Colecciones especiales Planta alta 22/09/2022 v.5   AC75 C66 2016 335911 22/09/2022 22/09/2022 Folleto  
    Library of Congress Classification   Disponible (Préstamo en sala) Folletería Bib. Gregorio Torres Quintero Bib. Gregorio Torres Quintero Colecciones especiales Planta alta 22/09/2022 v.6   AC75 C66 2016 335912 22/09/2022 22/09/2022 Folleto  
    Library of Congress Classification   Disponible (Préstamo en sala) Folletería Bib. Gregorio Torres Quintero Bib. Gregorio Torres Quintero Colecciones especiales Planta alta 22/09/2022 v.7   AC75 C66 2016 335913 22/09/2022 22/09/2022 Folleto  
    Library of Congress Classification   Disponible (Préstamo en sala) Folletería Bib. Gregorio Torres Quintero Bib. Gregorio Torres Quintero Colecciones especiales Planta alta 22/09/2022 v.8   AC75 C66 2016 335914 22/09/2022 22/09/2022 Folleto  
    Library of Congress Classification   Disponible (Préstamo en sala) Folletería Bib. Gregorio Torres Quintero Bib. Gregorio Torres Quintero Colecciones especiales Planta alta 22/09/2022 v.9   AC75 C66 2016 335915 22/09/2022 22/09/2022 Folleto  
    Library of Congress Classification   Disponible (Préstamo en sala) Folletería Bib. Gregorio Torres Quintero Bib. Gregorio Torres Quintero Colecciones especiales Planta alta 22/09/2022 v.10   AC75 C66 2016 335916 22/09/2022 22/09/2022 Folleto  
    Library of Congress Classification     Acceso abierto Bib. Gregorio Torres Quintero Bib. Gregorio Torres Quintero En línea 22/09/2022     AC75   22/09/2022 22/09/2022 Libro Electrónico https://www.lanmo.unam.mx/coordenadas2050/